[Event "Verbandsliga Nordbaden 1819"]
[Site "Baden"]
[Date "2018.12.02"]
[Round "3.4"]
[White "Gehrig, Matthias"]
[Black "Do, Nam"]
[Result "1-0"]
[WhiteElo "2078"]
[BlackElo "1916"]
[PlyCount "57"]
[EventDate "2018.10.14"]
[EventType "team-tourn"]
[EventRounds "9"]
[EventCountry "GER"]
[SourceTitle "EXT 2020"]
[Source "ChessBase"]
[SourceDate "2019.10.17"]
[SourceVersion "1"]
[SourceVersionDate "2019.10.17"]
[SourceQuality "1"]
[WhiteTeam "Buchen II"]
[BlackTeam "Sandhausen"]
[WhiteTeamCountry "GER"]
[BlackTeamCountry "GER"]

1. e4 e5 2. Nc3 Nc6 3. Nf3 Nf6 4. Bb5 d6 5. Bxc6+ bxc6 6. d4 exd4 7. Qxd4 Be7 8. h3 0-0 9. 0-0 d5 10. e5 Nd7 11. Bf4 Nc5 12. Bg3 Ne6 13. Qd2 Rb8 14. Rab1 Bb7 15. Rfd1 h6 16. Nd4 c5 17. Nf5 d4 18. Qe2 Re8 19. Qg4 Kh7 20. Ne4 Qd5 21. f3 Qxa2 22. Ned6 cxd6 23. exd6 Bf6 24. d7 Red8 25. Bxb8 Rxb8 26. Nd6 Nf8 27. Nxb7 Rxb7 28. Qe4+ Kg8 29. Qxb7 1-0

[Event "GER-ch U25-A"]
[Site "Willingen"]
[Date "2018.05.22"]
[Round "4"]
[White "Do, Nam"]
[Black "Stelmaszyk, Nico"]
[Result "1-0"]
[WhiteElo "1887"]
[BlackElo "2014"]
[PlyCount "85"]
[EventDate "2018.05.19"]
[EventType "swiss"]
[EventRounds "9"]
[EventCountry "GER"]
[SourceTitle "CBM 184 Extra"]
[Source "ChessBase"]
[SourceDate "2018.06.28"]
[SourceVersion "1"]
[SourceVersionDate "2018.06.28"]
[SourceQuality "1"]

1. e4 e5 2. Nf3 Nf6 3. Nxe5 Nxe4 4. Qe2 Qe7 5. Qxe4 d6 6. d4 dxe5 7. dxe5 Nc6 8. Bb5 Bd7 9. 0-0 0-0-0 10. a4 Nxe5 11. Qe3 Kb8 12. Nc3 Ng4 13. Qg3 h5 14. Bf4 Be6 15. Rfd1 h4 16. Qf3 g5 17. Rxd8+ Qxd8 18. Rd1 Qf6 19. Nd5 Bxd5 20. Rxd5 gxf4 21. Qxg4 Bd6 22. b3 a6 23. Bf1 h3 24. gxh3 Qc3 25. Rd3 Qxc2 26. Qf3 Rg8+ 27. Kh1 Bc5 28. Bg2 c6 29. Qxf4+ Ka7 30. Qd2 Qb1+ 31. Qd1 Qb2 32. Rd2 Qf6 33. Qe2 Qg5 34. f4 Qxf4 35. Rd1 Bd6 36. Bf3 Rh8 37. Qg2 Re8 38. Qg1+ Re3 39. Bg2 Bc5 40. b4 Re1 41. Qxe1 Bxb4 42. Qg1+ c5 43. Rd7 1-0

[Event "GER-ch U12"]
[Site "Willingen"]
[Date "2016.05.21"]
[Round "11"]
[White "Do, Nam"]
[Black "Hinrichs, Paul"]
[Result "0-1"]
[WhiteElo "1757"]
[BlackElo "1819"]
[PlyCount "66"]
[EventDate "2016.05.15"]
[EventType "swiss"]
[EventRounds "11"]
[EventCountry "GER"]
[SourceTitle "CBM 172 Extra"]
[Source "ChessBase"]
[SourceDate "2016.06.21"]
[SourceVersion "1"]
[SourceVersionDate "2016.06.21"]
[SourceQuality "1"]

1. e4 e5 2. Nf3 Nc6 3. Bc4 Bc5 4. c3 Nf6 5. d3 d6 6. Bb3 0-0 7. 0-0 a6 8. Nbd2 Ba7 9. h3 Be6 10. Bc2 h6 11. Re1 Re8 12. Nf1 d5 13. exd5 Nxd5 14. Ng3 Qe7 15. Bd2 Rad8 16. Nxe5 Nxe5 17. Rxe5 Bxf2+ 18. Kxf2 Qf6+ 19. Kg1 Qxe5 20. Ne4 Nf6 21. Qf3 Nxe4 22. Bf4 Qc5+ 23. d4 Ng5 24. Qd3 Qb5 25. Qd1 c5 26. Ba4 Qxb2 27. Bxe8 Rxe8 28. d5 Bxd5 29. Qxd5 Qxa1+ 30. Kh2 Qxc3 31. Qd7 Re2 32. Bxg5 Qe5+ 33. Kh1 Re1# 0-1

[Event "GER-ch U12"]
[Site "Willingen"]
[Date "2016.05.19"]
[Round "8"]
[White "Schille, Hannes"]
[Black "Do, Nam"]
[Result "0-1"]
[WhiteElo "1601"]
[BlackElo "1757"]
[PlyCount "110"]
[EventDate "2016.05.15"]
[EventType "swiss"]
[EventRounds "11"]
[EventCountry "GER"]
[SourceTitle "CBM 172 Extra"]
[Source "ChessBase"]
[SourceDate "2016.06.21"]
[SourceVersion "1"]
[SourceVersionDate "2016.06.21"]
[SourceQuality "1"]

1. d4 Nf6 2. c4 c6 3. Nc3 d5 4. Qb3 e6 5. Bg5 Nbd7 6. Nf3 Qa5 7. c5 Qc7 8. e3 Be7 9. Bf4 Qd8 10. Bd3 b6 11. cxb6 axb6 12. 0-0 0-0 13. Rac1 Ba6 14. Bxa6 Rxa6 15. a3 Nh5 16. Bg3 Nxg3 17. hxg3 c5 18. Qc2 Qb8 19. Rfd1 Rc8 20. Nb5 Ra5 21. a4 Qa8 22. b3 Qb7 23. Rd2 Raa8 24. Qb2 Rc6 25. Rdc2 Rac8 26. Rc3 Bf6 27. g4 h6 28. Qc2 e5 29. dxc5 bxc5 30. b4 c4 31. Qd2 Ra6 32. Ra3 Rca8 33. Rca1 Rd8 34. Qc2 Nf8 35. Rd1 Ne6 36. Qc1 Rc6 37. Rc3 Qa6 38. Qc2 Qb7 39. Qc1 Nc7 40. Nxc7 Qxc7 41. b5 Rc5 42. Nd2 Rc8 43. Qc2 d4 44. Ne4 dxc3 45. Nxc5 Qxc5 46. Qxc3 Ra8 47. Qc2 Qb4 48. Ra1 Qc5 49. Rc1 Rc8 50. Rb1 c3 51. Rb3 e4 52. g3 Rd8 53. Kg2 Rd2 54. Qc1 Qxe3 55. Qf1 Bd4 0-1

[Event "GER-ch U12"]
[Site "Willingen"]
[Date "2016.05.15"]
[Round "2"]
[White "Bress, Aaron"]
[Black "Do, Nam"]
[Result "1-0"]
[WhiteElo "1604"]
[BlackElo "1757"]
[PlyCount "59"]
[EventDate "2016.05.15"]
[EventType "swiss"]
[EventRounds "11"]
[EventCountry "GER"]
[SourceTitle "CBM 172 Extra"]
[Source "ChessBase"]
[SourceDate "2016.06.21"]
[SourceVersion "1"]
[SourceVersionDate "2016.06.21"]
[SourceQuality "1"]

1. e4 e5 2. Nf3 Nc6 3. Bb5 a6 4. Ba4 Nf6 5. 0-0 Be7 6. Re1 b5 7. Bb3 d6 8. c3 0-0 9. h3 Nb8 10. d4 Nbd7 11. Nbd2 Bb7 12. Bc2 Re8 13. Nf1 Bf8 14. Ng3 g6 15. Bd2 Bg7 16. Qc1 Re7 17. Bh6 Bh8 18. Qg5 Qb8 19. Rad1 Qa7 20. Re2 Rd8 21. dxe5 Nc5 22. exf6 Re6 23. Nd4 Bxf6 24. Qd2 Re5 25. Bf4 Ree8 26. Bg5 Bxg5 27. Qxg5 Qa8 28. Nh5 Re5 29. Nf5 Nd7 30. Qh6 1-0